Statistiques concernant Les pays jamais envahis par le Royaume-Uni

Cliquez ici pour prendre le quiz!

Statistiques générales

  • Ce quiz a été pris 66 fois
  • Le résultat moyen est 8 sur 22

Statistiques - réponses

ContinentPays% Correct
Amérique du SudBolivie
59%
République Démocratique du Congo
58%
Vatican
58%
Paraguay
56%
Monaco
53%
EuropeAndorre
46%
Mali
41%
Suède
41%
Mongolie
39%
Tchad
39%
Biélorussie
37%
Tadjikistan
32%
Ouzbékistan
31%
Centrafrique
29%
AsieKirghizistan
29%
Côte d'Ivoire
27%
Luxembourg
25%
Amérique du NordGuatemala
22%
AfriqueBurundi
17%
Sao Tomé et Principe
14%
Lichtenstein
10%
OcéanieMarshalls
2%

Distribution des résultats

Percentile par nombre de réponses

% des personnes avec chaque résultat

Votre développement - résultats

Vous n’avez pas pris ce quiz